LEADER 01519nam0 2200373 450 001 000036729 005 20140828102720.0 100 $a20140617d--------km-y0itaa50------ba 101 0 $afre 102 $aFR 200 1 $aRecueil de chants historiques français depuis le 12.e jusqu'au 18.e siècle$eavec des notices et une introduction$fpar Leroux De Lincy 210 $aParis$cLibrairie De Charles Gosselin 215 $aVolumi$d19 cm 225 2 $aBibliothèque d'élite 327 1 $aVol. 1.: 12., 13., 14. et 15. siècles. - 1841. - XLVIII, 416 p. 410 0$12001$aBibliothèque d'élite 500 10$aRecueil de chants historiques français$91529893 516 1 $aChants historiques français 559 0 $a12., 13., 14. et 15. siècles 606 2 $aPoesia francese$zSec. 12.-16.$xAntologie 676 $a841.1$v(22. ed.)$9Poesia francese. Primo periodo, fino al 1399 700 1$aLe Roux de Lincy,$bAdrien Jean Victor$0224136 801 0$aIT$bUniversità della Basilicata - B.I.A.$gREICAT$2unimarc 912 $a000036729 996 $aRecueil de chants historiques français$91529893 997 $aUNIBAS BAS $aLETTERE CAT $aSTD100$b01$c20140617$lBAS01$h1226 CAT $aTTM$b30$c20140828$lBAS01$h1022 CAT $aTTM$b30$c20140828$lBAS01$h1027 CAT $aBATCH$b00$c20180801$lBAS01$h1239 FMT Z30 -1$lBAS01$LBAS01$mBOOK$1BASA1$APolo Storico-Umanistico$2FROS$BFondo Rostirolla$3FRost/2585$62585$5D2585$820140617$f98$FConsultazione all $aall $n0009391 LEADER 01052nam0 22002771i 450 001 RML0248666 005 20231121125709.0 100 $a20121121f ||||0itac50 ba 101 | $aita 102 $ait 181 1$6z01$ai $bxxxe 182 1$6z01$an 200 1 $a˜Il œflauto di Popper$esaggio critico sulla new philosophy of science e la sua interpretazione di Galileo$fdi Fabio Minazzi 210 $aMilano $cFrancoAngeli $dc1994 215 $a504 p.$cill.$d22 cm 606 $aPopper, Karl Raimund$2FIR$3RMLC055253$9I 676 $a501$9SCIENZE PURE. FILOSOFIA E TEORIA$v21 700 1$aMinazzi$b, Fabio$3RMLV161831$050726 801 3$aIT$bIT-01$c20121121 850 $aIT-FR0017 899 $aBiblioteca umanistica Giorgio Aprea$bFR0017 912 $aRML0248666 950 0$aBiblioteca umanistica Giorgio Aprea$d 52CIS 9)395$e 52VM 0000193455 VM barcode:00049057. - Inventario:7433 FSSVM$fA $h20030228$i20121204 977 $a 52 996 $aFlauto di Popper$9555022 997 $aUNICAS